Представление документа в формате RUSMARC

ПолеНазваниеЗначение
  Тип записи i
  Библиографический уровень m
001 Контрольный номер RU/IS/BASE/479563176
005 Дата корректировки 20201206204940.0
010 Индекс ISBN __
a ISBN 978-5-9677-1685-0 (в кор.)
d Цена 204-75
100 Данные общей обработки __
a Данные общей обработки 19150313d2012||||||| 0rusy0189 ca
101 Язык документа 0_
a Язык текста rus
102 Страна публикации __
a Страна публикации ru|
105 Кодированные данные (монография) __
a Кодированные данные (монография) nn|||||||||zy
127 Кодированные данные (звукозаписи-физические характеристики) __
a Продолжительность проигрывания 04 ч 57 мин
200 Заглавие и сведения об ответственности 1_
a Заглавие Метель ; Утро помещика ; Отец Сергий
e Сведения, относящиеся к заглавию [12+]
f Первые сведения об ответственности Л. Н. Толстой ; [читает Дмитрий Савин]
b Общее обозначение материала Звукозапись
210 Выходные данные __
a Место издания Москва
c Издательство 1С-Паблишинг
c Издательство Дистрибутор
d Дата издания 2012
215 Физическое описание __
a Объем 1 электрон. опт. диск (Audio CD)
c Иллюстрации/тип воспроизводства mp3, stereo
d Формат 12х14 см
225 Серия __
a Серия 1С: Аудиокниги
225 Серия __
a Серия Русская классика
230 Специфическая характеристика материала: электронные ресурсы __
a Обозначение и объем ресурса Электронные звуковые данные
323 Примечание о главных создателях, исполнителях, участниках __
a Примечание о главных создателях, исполнителях, участниках Савин, Д.
327 Примечание о содержании __
a Примечание о содержании Утро помещика
327 Примечание о содержании __
a Примечание о содержании Отец Сергий
330 Аннотация __
a Аннотация Слушателям предлагаются избранные произведения гениального русского писателя, классика мировой литературы Льва Николаевича Толстого (1828-1910). В рассказе "Метель" показано поведение людей в экстремальной ситуации. Герои повествования, донские ямщики, выживают сами и не дают замерзнуть своему седоку благодаря твердости духа и взаимовыручке. Рассказ "Утро помещика" представляет собой опубликованную часть незавершенного "Романа русского помещика". Описан всего один день из жизни молодого барина, но по этому описанию можно судить и о плачевном состоянии дел в его хозяйстве, и о переживающей предреформенный кризис русской деревне в целом. Герой повести "Отец Сергий", князь, командир лейб-эскадрона, за месяц до свадьбы узнает, что его невеста, фрейлина императрицы, год назад была любовницей Государя. Несчастный жених уходит в монастырь. Усмиряя плоть, он становится затворником и обретает в народе славу целителя. Но сможет ли он преодолеть соблазны мира сего?..
333 Примечание о целевом назначении __
a Примечание о целевом назначении 12+. Для детей старше 12 лет
337 Примечание о системных требованиях (электронные ресурсы) __
a Примечание о системных требованиях (электронные ресурсы) Системные требования: ПК: MS Windows ; Pentium 100 ; RAM 16 Мб ; монитор SVGA, 800x600 ; устройство чтения CD/DVD-ROM ; зв. карта ; колонки или наушники ; мышь ; аудиосистемы с поддержкой формата MP3: музыкальный центр ; CD/DVD-плеер и др.
517 Другие варианты заглавия __
a Другие варианты заглавия Утро помещика
517 Другие варианты заглавия __
a Другие варианты заглавия Отец Сергий
606 Тематические рубрики __
a Основная рубрика Художественная литература
606 Тематические рубрики __
a Основная рубрика Русская литература XIX в. (произведения)
610 Ключевые слова __
a Ключевые слова классическая литература
a Ключевые слова повести
a Ключевые слова проза
a Ключевые слова рассказы
a Ключевые слова русская классика
a Ключевые слова тема взаимопомощи
a Ключевые слова тема жизни
a Ключевые слова тема народа
a Ключевые слова тема судьбы
a Ключевые слова тема человека
686 Индексы других классификаций __
2 Код системы rubbks
a Классификационный индекс 84(2=411.2)52-4я04; ст84(2Рос=Рус)1-4я0
700 Автор _1
a Фамилия Толстой
b Имя Л. Н.
f Даты 1828-1910
g Полное личное имя Лев Николаевич
4 Код отношения 070
801 Источник записи _0
a Страна ru
b Организация Муниципальное бюджетное учреждение культуры "Централизованная библиотечная система" г. Сургут (Центральная городская библиотека им. А. С. Пушкина)
c Дата составления 20150313
g Правила каталогизации КиК/Лукашук
801 Источник записи _1
a Страна ru
b Организация Муниципальное бюджетное учреждение культуры "Централизованная библиотечная система" г. Сургут (Центральная городская библиотека им. А. С. Пушкина)
c Дата составления 20150313
g Правила каталогизации КиК/Лукашук
852 Данные о местонахождении __
j Шифр хранения 84(2=411.2)52-4я04
i Авторский знак Т 52
901 Тип документа 1_
t Тип документа 0
903 Характеристики (МАРС) __
a Дата передачи 20150313
969 Тип издания __
a Тип издания аудиокнига; издание для слепых; сборник
990 Данные о заказе (DOS) __
j Количество экземпляров (DOS) 7
t N записи в КСУ для И/У (DOS) 201503